00920nam a2200217 a 450000100100000000500170001000800410002704000250006804100390009308200130013210000250014524000310017024501160020126001240031730000210044153400540046270000430051604900090055995201170056899900170068500002594420200930024155.0110224s1972 mx r 000 0 spa d aDO-SdBNPbspacBNPHU17aspaheng2Código de idiomas MARC ann*bnn*1 aWilson, O. W.95280910aPolice records.lEspañol10aArchivos policiacos :bsu organización y utilidad /cO. W. Wilson ; traducción de Emilio Avila de la Torre. aMéxico, D. F. :bLimusa-Wiley ;bCentro Regional de Ayuda Técnica. Agencia para el Desarrollo Internacional,c1972. a388 p. ;c23 cm. aTítulo de la obra en inglés :tPolice records1 aAvila de la Torre, Emilio,etr.934981 aBNGR 001054708MOaGRbGRcCTd2011-02-24iLF1l0onn* nn*p25944-10r2020-06-25w2020-06-25y4ZPréstamo en sala c25436d25436